College linear algebra : theory of matrices /

Detaylı Bibliyografya
Yazar: Rahman, Md. Abdur
Materyal Türü: Kitap
Dil:English
Baskı/Yayın Bilgisi: Dhaka : Nahar Book Depot., 2001.
Edisyon:Fourth edition.
Konular:
Classic Catalogue: View this record in Classic Catalogue
LEADER 00792nam a2200229 a 4500
001 09775
003 BD-DhAAL
008 100509s2001 bg a 000 0 eng d
040 |a BD-DhAAL  |c BD-DhAAL 
082 0 0 |a 512  |2 22 
100 1 |a Rahman, Md. Abdur.  |9 3563 
245 1 0 |a College linear algebra :  |b theory of matrices /  |c Md. Abdur Rahman. 
250 |a Fourth edition. 
260 |a Dhaka :  |b Nahar Book Depot.,  |c 2001. 
300 |a xiv, 634 pages :  |b illustrations ;  |c 20 cm. 
541 1 |e 00009775 
650 0 |a Algebra. 
650 0 |a Mathematics. 
852 4 |a Ayesha Abed Library  |j General shelf 
942 |2 ddc  |c BK 
999 |c 8471  |d 8471 
952 |0 0  |1 0  |2 ddc  |4 0  |6 512_RAH_200100000000000  |7 0  |9 9975  |a BRACUL  |b BRACUL  |c GEN  |d 2010-05-10  |l 26  |m 156  |o 512 RAH  |p 3010009775  |r 2023-01-30  |s 2022-10-27  |t 1  |w 2010-05-10  |y BK